000 00612nam a2200193 a 4500
001 000011268
005 20240412074224.0
008 091015s1994 dr 000 p spa d
040 _aDO-SdBNP
_bspa
_cBNPHU
082 _aRD861.44
_bT231t
100 1 _aTavárez Fernádez, Alberto
_d1967-
_926842
245 1 0 _aTránsito y fuga :
_bpoemas /
_cAlberto Tavárez Fernádez.
260 _aSanto Domingo :
_bDrake,
_c1994.
300 _a81 p. ;
_c21 cm.
590 _aInventariado, 2019/LP
650 0 _aPoesía dominicana
_966
650 0 _aLiteratura dominicana.
_967
910 _aValidado. Control de calidad MMOLINA
999 _c10985
_d10985